National symposium on effectiveness of project scheduling and monitoring (Record no. 500721)

000 -LEADER
fixed length control field 00510cam a22001457a 4500
008 - FIXED-LENGTH DATA ELEMENTS--GENERAL INFORMATION
fixed length control field 180718b1980 xxu||||| |||| 00| 0 eng d
082 ## - DEWEY DECIMAL CLASSIFICATION NUMBER
Classification number T25 P943
245 ## - TITLE STATEMENT
Title National symposium on effectiveness of project scheduling and monitoring
Statement of responsibility, etc. by Project Management Association, India
260 ## - PUBLICATION, DISTRIBUTION, ETC.
Place of publication, distribution, etc. Delhi
Name of publisher, distributor, etc. Ministry of Planning and Planning Commission
Date of publication, distribution, etc. 1980
300 ## - PHYSICAL DESCRIPTION
Extent 308p.
650 ## - SUBJECT ADDED ENTRY--TOPICAL TERM
Topical term or geographic name entry element Monitoring
650 ## - SUBJECT ADDED ENTRY--TOPICAL TERM
Topical term or geographic name entry element Scheduling
650 ## - SUBJECT ADDED ENTRY--TOPICAL TERM
Topical term or geographic name entry element Effectiveness ---Project
700 ## - ADDED ENTRY--PERSONAL NAME
Personal name India. Project Management Association
Holdings
Withdrawn status Lost status Damaged status Not for loan Permanent Location Current Location Date acquired Full call number Barcode Date last seen Price effective from Koha item type
        Indian Institute of Public Administration Indian Institute of Public Administration 2018-08-04 T25 P943 GR10538 2018-08-04 2018-08-04 GR

Powered by Koha